[Event "XXVIII European Club Cup"]
[Site "Eilat ISR"]
[Date "2012.10.16"]
[Round "6"]
[White "Godena, Michele"]
[Black "Stebbings, Anthony J."]
[WhiteElo "2526"]
[BlackElo "2256"]
[Result "1/2-1/2"]
[PlyCount "78"]
[EventDate "2012.10.11"]

1. e4 c5 2. Nf3 e6 3. c3 Nf6 4. e5 Nd5 5. Bc4 d6 6. d4 cxd4 7. cxd4 Nc6 8. O-O
Be7 9. Qe2 O-O 10. Nc3 Nxc3 11. bxc3 dxe5 12. dxe5 Qc7 13. Qe4 Bd7 14. Re1 Na5
15. Bd3 g6 16. Bh6 Rfd8 17. Ng5 Be8 18. Rac1 Rd5 19. h4 Rad8 20. Bf1 Nc6 21.
Nf3 Qa5 22. Bc4 R5d7 23. Ng5 Rc7 24. Qf4 Qc5 25. Bb3 Rd3 26. Bc4 Rd8 27. Bb3
Rd3 28. Ne4 Qxe5 29. Qxe5 Nxe5 30. Bf4 f6 31. Nxf6+ Bxf6 32. Bxe5 Bxe5 33. Rxe5
Rdxc3 34. Rxc3 Rxc3 35. Rxe6 Kf8 36. Rf6+ Ke7 37. Re6+ Kf8 38. Rf6+ Ke7 39.
Re6+ Kf8 1/2-1/2

[Event "XXVIII European Club Cup"]
[Site "Eilat ISR"]
[Date "2012.10.16"]
[Round "6"]
[White "Rice, Christopher B."]
[Black "Efimov, Igor"]
[WhiteElo "2040"]
[BlackElo "2420"]
[Result "0-1"]
[PlyCount "108"]
[EventDate "2012.10.11"]

1. c4 Nf6 2. g3 e6 3. Bg2 d5 4. Nf3 dxc4 5. O-O c6 6. a4 Na6 7. Na3 Qd5 8. Qc2
Bxa3 9. bxa3 Qe4 10. d3 cxd3 11. exd3 Qf5 12. Bb2 Qc5 13. Qb3 O-O 14. Rab1 Nd5
15. Rfe1 f6 16. d4 Qd6 17. Nd2 b6 18. Qd3 Nac7 19. Re4 Ba6 20. Qc2 Rac8 21.
Rbe1 Rce8 22. Rc1 Bb7 23. Nc4 Qd7 24. Qb3 Rd8 25. a5 b5 26. Nd2 g5 27. Rce1 Kg7
28. R4e2 f5 29. Nf3 Qe7 30. Ne5 Qf6 31. Nd3 h6 32. Qc2 Kh7 33. Qc5 a6 34. Qc2
Rg8 35. Qd2 Rdf8 36. Ne5 Rg7 37. Rc1 Ne8 38. Nxc6 Nd6 39. Ne5 Ne4 40. Qd3 Nd6
41. Rc5 h5 42. Bc3 h4 43. Bb4 Rfg8 44. Kf1 Nf4 45. gxf4 gxf4 46. f3 h3 47. Rcc2
Ne8 48. Rf2 Qh4 49. Bxh3 Qxh3+ 50. Ke2 Rg1 51. Kd2 Nf6 52. Rc7+ Kh6 53. Ng4+
Nxg4 54. Rxb7 Rd1+ 0-1

[Event "XXVIII European Club Cup"]
[Site "Eilat ISR"]
[Date "2012.10.17"]
[Round "7"]
[White "Bellini, Fabio"]
[Black "Galburd, Yan"]
[WhiteElo "2492"]
[BlackElo "2331"]
[Result "1-0"]
[PlyCount "81"]
[EventDate "2012.10.11"]

1. e4 c5 2. c3 g6 3. d4 cxd4 4. cxd4 d5 5. e5 Nh6 6. Nc3 Bg7 7. Bf4 Nc6 8. Qd2
Nf5 9. Bb5 Bd7 10. Bxc6 Bxc6 11. g4 Nh4 12. Bg5 Ng2+ 13. Kf1 h6 14. Bxe7 Qxe7
15. Kxg2 O-O-O 16. Nf3 g5 17. Rac1 Kb8 18. h3 Qd7 19. Ne2 f5 20. exf6 Bxf6 21.
Ng3 Rhe8 22. Rc2 Re6 23. Re1 Rde8 24. Rxe6 Rxe6 25. Nf5 Bh8 26. Qb4 Qd8 27. Rc3
Be8 28. Qf8 Qf6 29. Qc5 Qd8 30. Re3 Rxe3 31. fxe3 Bg6 32. Ne5 Bxe5 33. dxe5 Be8
34. e6 Qc8 35. Qxc8+ Kxc8 36. Nxh6 Kd8 37. Nf7+ Ke7 38. Nxg5 Kf6 39. h4 a5 40.
Kg3 b5 41. a3 1-0

[Event "XXVIII European Club Cup"]
[Site "Eilat ISR"]
[Date "2012.10.17"]
[Round "7"]
[White "Ben Artzi, Ido"]
[Black "Collutiis, Duilio"]
[WhiteElo "2286"]
[BlackElo "2501"]
[Result "0-1"]
[PlyCount "102"]
[EventDate "2012.10.11"]

1. d4 d5 2. c4 c6 3. e3 Bf5 4. cxd5 cxd5 5. Qb3 Qc7 6. Nc3 e6 7. Nf3 Nf6 8. Ne5
Nbd7 9. Bd2 a6 10. Rc1 Qb6 11. Qa4 Qb4 12. Qd1 Qb6 13. g4 Nxe5 14. dxe5 Nxg4
15. Qa4+ Ke7 16. Nb5 Nxe5 17. Bb4+ Kf6 18. Bc3 axb5 19. Qxa8 d4 20. Qa5 Qxa5
21. Bxa5 dxe3 22. fxe3 Be4 23. Rg1 Nf3+ 24. Kf2 Nxg1 25. Rc8 Nf3 26. Bg2 Ng5
27. h4 Bxg2 28. hxg5+ Kxg5 29. Kxg2 g6 30. Bc3 f6 31. Rb8 h5 32. Rxb7 b4 33.
Bxb4 Bxb4 34. Rxb4 Ra8 35. a4 e5 36. b3 f5 37. Rb5 e4 38. Kh3 Rd8 39. a5 Rd3
40. b4 Rxe3+ 41. Kg2 Re2+ 42. Kf1 Ra2 43. Rb6 f4 44. a6 f3 45. Rb5+ Kf4 46. Ra5
Rc2 47. Rc5 Rb2 48. Rc4 Ra2 49. b5 g5 50. Rb4 Ra1+ 51. Kf2 g4 0-1

[Event "XXVIII European Club Cup"]
[Site "Eilat ISR"]
[Date "2012.10.17"]
[Round "7"]
[White "Georgiev, Kiril D."]
[Black "Boruchovsky, Avital"]
[WhiteElo "2668"]
[BlackElo "2435"]
[Result "1-0"]
[PlyCount "55"]
[EventDate "2012.10.11"]

1. d4 d5 2. c4 e6 3. Nf3 Nf6 4. Nc3 Bb4 5. cxd5 exd5 6. Bg5 h6 7. Bxf6 Qxf6 8.
Qa4+ Nc6 9. e3 O-O 10. Be2 Be6 11. a3 Bd6 12. Nb5 a6 13. Nxd6 cxd6 14. O-O Rfc8
15. Rfc1 Rc7 16. Rc3 Rac8 17. Rac1 Qe7 18. Qc2 Kf8 19. Nd2 Ke8 20. Bf3 b5 21.
Qh7 Qf6 22. e4 Qxd4 23. exd5 Bxd5 24. Rd3 Qxb2 25. Rb1 Qc2 26. Bxd5 Ne5 27. Re1
Re7 28. Be4 1-0

[Event "XXVIII European Club Cup"]
[Site "Eilat ISR"]
[Date "2012.10.17"]
[Round "7"]
[White "Givon, Asaf"]
[Black "Godena, Michele"]
[WhiteElo "2405"]
[BlackElo "2526"]
[Result "1/2-1/2"]
[PlyCount "56"]
[EventDate "2012.10.11"]

1. e4 e5 2. Nf3 Nc6 3. Bb5 Bc5 4. c3 Nf6 5. O-O O-O 6. d4 Bb6 7. Bg5 h6 8. Bh4
d6 9. Qd3 Qe7 10. Nbd2 Nb8 11. Rfe1 c6 12. Ba4 Nbd7 13. Bb3 Re8 14. Nc4 Bc7 15.
Ne3 Qf8 16. Nd2 Nh5 17. Nf5 g6 18. Qf3 Nf4 19. Ne3 Qg7 20. Bg3 Nh5 21. Rad1
Nxg3 22. hxg3 Nf6 23. dxe5 dxe5 24. Ndc4 Re6 25. Na3 Re7 26. Nac4 Re6 27. Na3
Re7 28. Nac4 Re6 1/2-1/2

[Event "XXVIII European Club Cup"]
[Site "Eilat ISR"]
[Date "2012.10.17"]
[Round "7"]
[White "Valsecchi, Alessio"]
[Black "Mindlin, Alon"]
[WhiteElo "2415"]
[BlackElo "2237"]
[Result "1/2-1/2"]
[PlyCount "81"]
[EventDate "2012.10.11"]

1. d4 d5 2. Nf3 e6 3. c4 c5 4. g3 Nc6 5. Bg2 Nf6 6. O-O Be7 7. dxc5 Bxc5 8. a3
O-O 9. b4 Be7 10. Bb2 Ne4 11. Qc2 Bf6 12. Rd1 Bxb2 13. Qxb2 Qb6 14. e3 dxc4 15.
Qc2 Nf6 16. Nbd2 c3 17. Qxc3 Bd7 18. Nc4 Qc7 19. Nce5 Rac8 20. Rac1 a6 21. Nxd7
Nxd7 22. a4 Qd8 23. Nd4 Na7 24. Qb3 Rxc1 25. Rxc1 b5 26. axb5 Nxb5 27. Nxb5
axb5 28. Qd3 Ne5 29. Qxd8 Rxd8 30. Rc5 Rd1+ 31. Bf1 f6 32. Rxb5 g5 33. Kg2 g4
34. Be2 Re1 35. Bf1 Rd1 36. Be2 Re1 37. Bf1 Rd1 38. Be2 Re1 39. Bf1 Rd1 40. Be2
Re1 41. Bf1 1/2-1/2